[Event "Tournoi Skype 008"]
[Site "Skype"]
[Date "????.??.??"]
[Round "7.6"]
[White "Bourdeau, Yvan"]
[Black "Auger, Bertrand"]
[Result "0-1"]
[WhiteElo "1607"]
[BlackElo "2027"]
[PlyCount "108"]

1. e4 e6 2. d4 d5 3. e5 c5 4. c3 Nc6 5. Nf3 Qb6 6. Bd3 Bd7 7. Bc2 cxd4 8. cxd4
Nb4 9. O-O Nxc2 10. Qxc2 Rc8 11. Nc3 Ne7 12. Be3 Ng6 13. Rfc1 Be7 14. Qd2 h6
15. Ne2 Nh4 16. Nxh4 Bxh4 17. Rxc8+ Bxc8 18. Rc1 Bd7 19. Rc3 Be7 20. a3 Qa6 21.
Kf1 Bb5 22. Ke1 Bxe2 23. Qxe2 Qxe2+ 24. Kxe2 Kd7 25. Bd2 b5 26. Rg3 g5 27. Rf3
Rf8 28. Rh3 Rc8 29. Rc3 Rc4 30. Kd3 f5 31. f4 g4 32. g3 Bd8 33. b4 Kc6 34. Rc2
h5 35. Bc3 h4 36. Ra2 h3 37. Rc2 Be7 38. Rb2 Kb7 39. Rc2 Rc6 40. Bb2 Ra6 41.
Rc3 Ra4 42. Rb3 a5 43. bxa5 Ka6 44. Rc3 Rc4 45. Rb3 Kxa5 46. Rc3 Ka4 47. Bc1
Rxc3+ 48. Kxc3 Bxa3 49. Be3 Be7 50. Kb2 Kb4 51. Bf2 Kc4 52. Be3 Bb4 53. Bf2
Bc3+ 54. Kc2 Bxd4 0-1

[Event "Tournoi Skype 008"]
[Site "Skype"]
[Date "????.??.??"]
[Round "7.7"]
[White "Le Brun, Yves"]
[Black "Murgia, Stefano"]
[Result "0-1"]
[WhiteElo "1607"]
[BlackElo "1719"]
[PlyCount "42"]

1. Nf3 f5 2. c4 Nf6 3. Nc3 d6 4. d4 g6 5. Bf4 Bg7 6. e3 O-O 7. Qb3 Kh8 8. c5
Nh5 9. Ng5 Nxf4 10. exf4 Bxd4 11. cxd6 cxd6 12. Ne2 Qa5+ 13. Nc3 Nc6 14. Be2
Bf6 15. Nf3 e5 16. fxe5 dxe5 17. Rd1 e4 18. Ng1 Nd4 19. Qd5 Qb6 20. Na4 Qb4+
21. Nc3 Be6 0-1

[Event "Tournoi Skype 008"]
[Site "Skype"]
[Date "????.??.??"]
[Round "7.8"]
[White "Engstrom, Olle"]
[Black "De Leener, Luc"]
[Result "0-1"]
[WhiteElo "1570"]
[BlackElo "1704"]
[PlyCount "58"]

1. d4 Nf6 2. c4 g6 3. Nc3 d5 4. cxd5 Nxd5 5. e4 Nxc3 6. bxc3 Bg7 7. Bc4 O-O 8.
Ne2 Nd7 9. O-O Nb6 10. Bd3 c6 11. Be3 e5 12. Rc1 exd4 13. cxd4 Bg4 14. f3 Be6
15. Qd2 Qe7 16. Bh6 Rfd8 17. Bxg7 Kxg7 18. Rfd1 Rd7 19. Qb2 Kg8 20. Nf4 Rad8
21. d5 cxd5 22. Bb5 Rc7 23. Rxc7 Qxc7 24. Nxe6 fxe6 25. Rc1 Qf4 26. Rd1 Qe3+
27. Kf1 Rf8 28. Rd3 Qxe4 29. Re3 Qxe3 0-1

[Event "Tournoi Skype 008"]
[Site "Skype"]
[Date "????.??.??"]
[Round "7.9"]
[White "Peignien, Laurent"]
[Black "Belouin, Bruno"]
[Result "1-0"]
[WhiteElo "1667"]
[BlackElo "1350"]
[PlyCount "59"]

1. e4 e5 2. Nf3 Nc6 3. d4 f6 4. Bc4 d6 5. O-O a6 6. a4 Bd7 7. dxe5 dxe5 8. Qd5
Qe7 9. Qd2 O-O-O 10. Nc3 Nb4 11. Nd5 Nxd5 12. exd5 g6 13. b4 Bh6 14. Qe2 Bxc1
15. Rfxc1 f5 16. Qxe5 Qf6 17. Qe2 Re8 18. Qd2 f4 19. b5 Kd8 20. bxa6 bxa6 21.
a5 Nh6 22. Rab1 Ke7 23. Qb4+ Qd6 24. Re1+ Kf7 25. Qc3 Qc5 26. d6+ Re6 27. Bxe6+
Bxe6 28. Qxc5 cxd6 29. Rb7+ Kf6 30. Qg5# 1-0

[Event "Tournoi Skype 008"]
[Site "Skype"]
[Date "????.??.??"]
[Round "7.10"]
[White "Nicole, Chantal"]
[Black "L'Herbon De Lussats, Jean"]
[Result "1-0"]
[WhiteElo "1626"]
[BlackElo "1428"]
[PlyCount "87"]

1. c4 e5 2. g3 Nf6 3. Bg2 c6 4. Nc3 d6 5. e4 Be6 6. d3 d5 7. exd5 cxd5 8. Qa4+
Nc6 9. Bg5 Bb4 10. Nge2 Qd7 11. a3 Bxc3+ 12. Nxc3 d4 13. Bxf6 gxf6 14. Nd5 Bxd5
15. Bxd5 O-O-O 16. b4 a6 17. Bg2 Rde8 18. h4 Re7 19. Bh3 f5 20. b5 Nb8 21. Rc1
e4 22. Kd2 e3+ 23. fxe3 Rxe3 24. Rhf1 Re5 25. Rf4 Rhe8 26. Rcf1 R8e7 27. Rxf5
Kd8 28. Rxe5 Qxh3 29. Rxe7 Kxe7 30. Qb4+ Kd8 31. Qf8+ Kc7 32. Rxf7+ Nd7 33.
Qc5+ Kd8 34. Qxd4 h5 35. Qxd7+ Qxd7 36. Rxd7+ Kxd7 37. bxa6 bxa6 38. d4 Kd6 39.
Kd3 Kc6 40. Ke4 Kd6 41. d5 Kc5 42. Ke5 Kxc4 43. d6 Kc5 44. d7 1-0

[Event "Tournoi Skype 008"]
[Site "Skype"]
[Date "????.??.??"]
[Round "7.11"]
[White "Legueltel, Daniel"]
[Black "Dubois, Real"]
[Result "1-0"]
[WhiteElo "1725"]
[BlackElo "1500"]
[PlyCount "51"]

1. d4 d5 2. c4 e6 3. Nc3 c6 4. Nf3 Nf6 5. Bg5 Be7 6. e3 Nbd7 7. Bd3 O-O 8. O-O
dxc4 9. Bxc4 a6 10. Rc1 Nd5 11. Bxe7 Qxe7 12. a3 N5b6 13. Ba2 e5 14. dxe5 Nxe5
15. Nxe5 Qxe5 16. Qf3 Qe7 17. Rfd1 Be6 18. Bxe6 Qxe6 19. Rd4 Rad8 20. Rcd1 Rxd4
21. Rxd4 Nc4 22. Qe2 Nd6 23. Qd3 Nb5 24. Nxb5 cxb5 25. h3 Rc8 26. Rd8+ 1-0

[Event "Tournoi Skype 008"]
[Site "Skype"]
[Date "????.??.??"]
[Round "7.13"]
[White "Rajpurohit, Dinesh"]
[Black "Malbec, Robert"]
[Result "1-0"]
[WhiteElo "1699"]
[BlackElo "1528"]
[PlyCount "75"]

1. e4 c6 2. Nf3 d5 3. exd5 cxd5 4. Nc3 Nf6 5. Ne5 Qd6 6. d4 a6 7. Bd3 Qe6 8.
O-O Qb6 9. Be2 e6 10. Re1 Bd6 11. Bf3 O-O 12. Ng4 Nbd7 13. Qd3 Qc7 14. g3 Nxg4
15. Bxg4 Nf6 16. Bf3 b5 17. Ne2 e5 18. dxe5 Bxe5 19. Bf4 Be6 20. Bxe5 Qxe5 21.
Nd4 Qd6 22. b3 Bg4 23. Bxg4 Nxg4 24. Nf5 Qf6 25. Qf3 Ne5 26. Qxd5 Qxf5 27. Rxe5
Qxc2 28. Rae1 Rad8 29. Qxd8 g6 30. Qf6 Qc3 31. Qxa6 b4 32. Qc4 Qf3 33. Qxb4 Rd8
34. Re8+ Rxe8 35. Rxe8+ Kg7 36. Qd4+ Kh6 37. Qf4+ Kg7 38. Qxf3 1-0

[Event "Tournoi Skype 008"]
[Site "Skype"]
[Date "????.??.??"]
[Round "7.14"]
[White "Fouquereau, Andre"]
[Black "Tayyab, Sheikh"]
[Result "1-0"]
[WhiteElo "1535"]
[BlackElo "1499"]
[PlyCount "121"]

1. e4 e5 2. Nf3 Nc6 3. d4 Nxd4 4. Nxd4 exd4 5. Qxd4 d6 6. Bc4 Qf6 7. Qd3 Bd7 8.
Be3 Qxb2 9. Bd4 Qb4+ 10. Nc3 Qa5 11. O-O Qg5 12. e5 dxe5 13. Bxe5 Bc5 14. Bxf7+
Ke7 15. Qf3 c6 16. Rae1 Kd8 17. Bg3 Nf6 18. Re5 Bxf2+ 19. Qxf2 Qh6 20. Bf4 Ng4
21. Bxh6 Nxf2 22. Bxg7 Ng4 23. Bxh8 Nxe5 24. Bxe5 Ke7 25. Bh5 Rg8 26. Bf6+ Ke6
27. Bg4+ Rxg4 28. g3 Kf7 29. Bd4+ Kg6 30. Bxa7 Rc4 31. Rf3 Bf5 32. Re3 Bxc2 33.
Ne2 Ra4 34. Nf4+ Kf7 35. Bc5 Rxa2 36. Re2 Ra1+ 37. Kf2 Bf5 38. Rb2 b5 39. Ke3
Rd1 40. Kf2 Kf6 41. Ke2 Bg4+ 42. Kf2 h5 43. Kg2 h4 44. gxh4 Kf5 45. Kg3 Rf1 46.
Rf2 Rxf2 47. Bxf2 b4 48. Bd4 b3 49. h5 Kg5 50. h6 Bf5 51. Bg7 c5 52. Ne6+ Kg6
53. Nxc5 b2 54. Bxb2 Kxh6 55. h4 Kh5 56. Bg7 Kg6 57. Bc3 Kh6 58. Bd2+ Kh5 59.
Bg5 Kg6 60. Kf4 Bh3 61. Ne4 1-0

[Event "Tournoi Skype 008"]
[Site "Skype"]
[Date "????.??.??"]
[Round "7.15"]
[White "Trivedi, Viral"]
[Black "De Coninck, Philippe"]
[Result "1/2-1/2"]
[WhiteElo "1499"]
[BlackElo "1526"]
[PlyCount "0"]

1. e4 e5 2. Bc4 Nf6 3. Nf3 Nc6 4. Nc3 h6 5. d3 Bb4 6. Bd2 a6 7. a3 Bxc3 8. Bxc3 d6 9. Nh4 o-o 10. Bd2 d5 11. exd5 Nxd5 12. g3 Re8 13. Qf3 Nf6 14. c3 e4 15. Qd1 exd3+ 16. Be3 Ne5 17. Qb3 Nxc4 18. Qxc4 Be6 19. Qd4 Qxd4 20. cxd4 Ng4 21. o-o-o Nxe3 22. fxe3 Bd5 23. Rhe1 Be4 24. Rf1 Rac8 25. b4 b6 26. Nf5 Bxf5 27. Rxf5 Rxe3 28. Re5 Rxe5 29. dxe5 Rd8 30. Kd2 c5 31. bxc5 bxc5 32. Kc3 Kf8 33. Kc4 Rd4+ 34. Kxc5 Ra4 35. Rxd3 Ra5+ 36. Kb6 Rxe5 37. Kxa6 Ke7 38. Kb6 Re6+ 39. Kc5 f5 40. a4 Re2 41. h4 Ra2 42. Kb5 Rb2+ 43. Ka6 Ke6 44. a5 Ke5 45. Rd7 g5 46. hxg5 hxg5 47. Rb7 Rxb7 48. Kxb7 f4 49. gxf4 gxf4 50. a6 f3 51. a7 f2 52. a8Q f1Q 53. Qd8 Qb5+ 54. Kc8 1/2-1/2

[Event "Tournoi Skype 008"]
[Site "Skype"]
[Date "????.??.??"]
[Round "7.16"]
[White "Antonic, Nenad"]
[Black "Coruble, Didier"]
[Result "1-0"]
[WhiteElo "1525"]
[BlackElo "1429"]
[PlyCount "77"]

1. d4 c6 2. Nf3 d6 3. e3 Bg4 4. h3 Bh5 5. Bd3 Bxf3 6. Qxf3 Nf6 7. Nd2 Qa5 8.
O-O h5 9. c3 Nbd7 10. e4 g5 11. Qe2 g4 12. h4 e5 13. Nc4 Qc7 14. dxe5 dxe5 15.
g3 O-O-O 16. Be3 c5 17. Rfc1 Be7 18. b4 Kb8 19. a4 Ka8 20. a5 Ne8 21. b5 Qb8
22. Nb6+ Nxb6 23. axb6 a6 24. bxa6 Rd7 25. axb7+ Kxb7 26. Ra7+ Kc8 27. Ba6+ Kd8
28. Rxd7+ Kxd7 29. Qb5+ Ke6 30. Qb3+ Kf6 31. Bg5+ Kg7 32. Bxe7 Nc7 33. Bd6 Qa8
34. Bc4 Ne6 35. Bxe6 fxe6 36. Qxe6 Qxe4 37. Bxe5+ Kh7 38. Qf7+ Kh6 39. Qg7# 1-0

[Event "Tournoi Skype 008"]
[Site "Skype"]
[Date "????.??.??"]
[Round "7.19"]
[White "Loyarte, Frederic"]
[Black "Hague, Mark"]
[Result "1/2-1/2"]
[WhiteElo "1487"]
[BlackElo "1499"]
[PlyCount "102"]

1. e4 c5 2. Nc3 d6 3. Bc4 Nf6 4. Nf3 Bg4 5. h3 Bh5 6. d3 h6 7. O-O Nc6 8. Bb5
e6 9. Re1 Be7 10. Ne2 Bxf3 11. gxf3 a6 12. Bxc6+ bxc6 13. c4 Qb6 14. a4 O-O 15.
a5 Qc7 16. Bd2 Rfb8 17. Qa4 Bd8 18. Reb1 Qd7 19. b4 cxb4 20. Rxb4 Rxb4 21. Qxb4
c5 22. Qb1 e5 23. Qf1 Rb8 24. Nc3 Rb2 25. Qc1 Qb7 26. Rb1 Rxb1 27. Qxb1 Qxb1+
28. Nxb1 Nd7 29. Nc3 Nb8 30. Nd5 Nc6 31. f4 Bxa5 32. Bxa5 Nxa5 33. fxe5 dxe5
34. Nc7 Nb3 35. Nxa6 f6 36. Kg2 Kf7 37. Kf3 Kg6 38. Kg4 h5+ 39. Kg3 Kh6 40. f4
exf4+ 41. Kxf4 Kg6 42. e5 fxe5+ 43. Kxe5 Kg5 44. Kd5 Nc1 45. Nxc5 Kf4 46. Ne6+
Kg3 47. Nxg7 h4 48. c5 Nxd3 49. c6 Nb4+ 50. Kc5 Nxc6 51. Nf5+ Kxh3 1/2-1/2

[Event "Tournoi Skype 008"]
[Site "Skype"]
[Date "????.??.??"]
[Round "7.20"]
[White "Porcabeuf, Jean-Marc"]
[Black "Mertz, Kathy"]
[Result "0-1"]
[WhiteElo "1259"]
[BlackElo "1499"]
[PlyCount "66"]

1. d4 d5 2. c4 Nf6 3. Nf3 Nc6 4. Nc3 e6 5. a3 Bd6 6. Bg5 O-O 7. cxd5 exd5 8.
Nxd5 Be7 9. Bxf6 Qxd5 10. Bxe7 Nxe7 11. e3 Bg4 12. Be2 Bxf3 13. Bxf3 Qa5+ 14.
Kf1 c6 15. Qc2 Qb5+ 16. Be2 Qf5 17. Rd1 Qxc2 18. g3 Qf5 19. Kg2 Rad8 20. Bd3
Qf6 21. Bc2 c5 22. d5 Rxd5 23. Rxd5 Nxd5 24. Bb3 Rd8 25. Re1 Qxb2 26. Bc4 Nb6
27. Bf1 Rd2 28. Be2 Nd5 29. e4 Nc3 30. Bf3 Rxf2+ 31. Kh3 Rxf3 32. e5 Qf2 33.
Re3 Rxe3 0-1

[Event "Tournoi Skype 008"]
[Site "Skype"]
[Date "????.??.??"]
[Round "7.21"]
[White "Ramirez, Rodrigo"]
[Black "Vervoort, Jean-Louis"]
[Result "0-1"]
[WhiteElo "1499"]
[BlackElo "1155"]
[PlyCount "64"]

1. c4 e5 2. e3 e4 3. Nc3 Nf6 4. d4 c6 5. d5 cxd5 6. cxd5 d6 7. Nxe4 Nxe4 8.
Qa4+ Bd7 9. Qxe4+ Qe7 10. Qc2 Na6 11. Bd2 Rc8 12. Bc4 Qd8 13. Nf3 Be7 14. Rc1
O-O 15. b4 Qb6 16. Qe4 Bf6 17. h4 Nxb4 18. Ng5 g6 19. Ne6 Rfe8 20. Rc3 Bxc3 21.
Bxc3 Nxa2 22. Bd2 Rxc4 23. Qxc4 Qb1+ 24. Ke2 Qxh1 25. Qd4 fxe6 26. Qe4 e5 27.
Qc4 Rc8 28. Qxa2 Qxg2 29. Qb3 Bg4+ 30. Kd3 Qf1+ 31. Ke4 Rc4+ 32. Qxc4 Qxc4# 0-1

[Event "Tournoi Skype 008"]
[Site "Skype"]
[Date "????.??.??"]
[Round "7.22"]
[White "Raheja, Shiv"]
[Black "Tamditi, Ibrahim"]
[Result "1-0"]
[WhiteElo "1499"]
[BlackElo "1140"]
[PlyCount "49"]

1. c4 d6 2. e3 c5 3. Nc3 e5 4. Nf3 Nf6 5. Be2 e4 6. Ng5 d5 7. cxd5 Nxd5 8.
Ngxe4 Nxc3 9. Nxc3 Nc6 10. Bc4 Ne5 11. Bb3 Nd3+ 12. Kf1 Qf6 13. Ba4+ Kd8 14. f3
a6 15. Bc2 c4 16. b3 b5 17. a4 cxb3 18. Bxd3 b4 19. Ne4 Qxa1 20. Kf2 b2 21.
Bxb2 Qxb2 22. Rf1 Bf5 23. Qe2 Bd6 24. Nxd6 Qe5 25. Nxf7+ 1-0

[Event "Tournoi Skype 008"]
[Site "Skype"]
[Date "????.??.??"]
[Round "7.23"]
[White "Gabriele, Noel"]
[Black "Dhenain, Sebastien"]
[Result "1-0"]
[WhiteElo "1499"]
[BlackElo "1290"]
[PlyCount "53"]

1. e4 e5 2. Nf3 Nc6 3. Bb5 a6 4. Bxc6 dxc6 5. Nc3 Bd6 6. d3 Nf6 7. Bg5 h6 8.
Bxf6 Qxf6 9. d4 exd4 10. Nxd4 Bc5 11. Nce2 O-O 12. Qd3 Bxd4 13. Nxd4 c5 14. Ne2
Qxb2 15. Qd1 Qb4+ 16. c3 Qxe4 17. O-O Re8 18. Ng3 Qc4 19. Qd2 b6 20. a3 Bb7 21.
Qc2 Be4 22. Qb2 Qd5 23. Rad1 Qb7 24. f3 Bc6 25. c4 b5 26. Nf5 bxc4 27. Qxg7#
1-0

[Event "Tournoi Skype 008"]
[Site "Skype"]
[Date "????.??.??"]
[Round "7.25"]
[White "Clayton, Estelita"]
[Black "Capdeville, Jean"]
[Result "0-1"]
[WhiteElo "1299"]
[BlackElo "1494"]
[PlyCount "64"]

1. e4 e5 2. f4 exf4 3. Nf3 Be7 4. Nc3 Bh4+ 5. Ke2 d6 6. d4 Bg4 7. Bxf4 Bxf3+ 8.
Kxf3 Bg5 9. Bxg5 Qxg5 10. Nd5 Qd8 11. c3 Nf6 12. Qb3 b6 13. Qa4+ Nbd7 14. Bb5
O-O 15. Bc6 Rb8 16. Bxd7 Nxd7 17. Qxa7 Rc8 18. Rhe1 Re8 19. Qa3 Nf6 20. g4 Nxd5
21. exd5 Qh4 22. Qa6 Qh3+ 23. Kf2 Qxh2+ 24. Kf3 Qh3+ 25. Kf4 Qh4 26. Qxc8 Rxc8
27. Rg1 Qf6+ 28. Kg3 Re8 29. Raf1 Re3+ 30. Kg2 Qh4 31. Rf3 Qxg4+ 32. Kf2 Qxf3#
0-1

[Event "Tournoi Skype 008"]
[Site "Skype"]
[Date "????.??.??"]
[Round "7.26"]
[White "Talbot, Jacques"]
[Black "Tang, Kim Oanh"]
[Result "0-1"]
[WhiteElo "1462"]
[BlackElo "1299"]
[PlyCount "54"]

1. e4 e5 2. Nf3 Nc6 3. Bb5 Nf6 4. O-O Bd6 5. Re1 O-O 6. c3 a6 7. Bxc6 dxc6 8.
d4 Qe8 9. dxe5 Bxe5 10. Nxe5 Qxe5 11. f4 Qc5+ 12. Be3 Qb5 13. Qc2 Re8 14. Nd2
Bg4 15. Bd4 Rad8 16. Bxf6 gxf6 17. Nf1 Rd3 18. c4 Qc5+ 19. Kh1 Red8 20. h3 Bh5
21. g4 Rxh3+ 22. Kg2 Bxg4 23. Nh2 Qh5 24. Kg1 Rxh2 25. Qxh2 Qg6 26. f5 Qg5 27.
Qg2 Rd2 0-1

[Event "Tournoi Skype 008"]
[Site "Skype"]
[Date "????.??.??"]
[Round "7.27"]
[White "Gharbi, Said"]
[Black "Picard, Mario"]
[Result "1-0"]
[WhiteElo "1437"]
[BlackElo "1270"]
[PlyCount "45"]

1. e4 e5 2. d4 Nc6 3. d5 Nd4 4. c3 Nb5 5. Bxb5 Nf6 6. Qf3 a6 7. Bc4 b5 8. Bb3
Bb7 9. Bg5 h6 10. Bh4 g5 11. Bg3 Bd6 12. Ne2 c6 13. dxc6 Bxc6 14. O-O Bxe4 15.
Qe3 Qe7 16. Nd2 Bc5 17. Nd4 exd4 18. cxd4 Nd5 19. Qxe4 Qxe4 20. Nxe4 Bxd4 21.
Bxd5 Bxb2 22. Rab1 Bd4 23. Bxa8 1-0

[Event "Tournoi Skype 008"]
[Site "Skype"]
[Date "????.??.??"]
[Round "7.28"]
[White "Armingaud, Jean-Claude"]
[Black "Gerbaux, Regis"]
[Result "0-1"]
[WhiteElo "1294"]
[BlackElo "1351"]
[PlyCount "34"]

1. e4 c6 2. d4 d5 3. e5 e6 4. Nc3 Bb4 5. Bd2 Qb6 6. Nf3 Ne7 7. Na4 Bxd2+ 8.
Nxd2 Qxd4 9. Nf3 Qxa4 10. b3 Qa5+ 11. Qd2 Qxd2+ 12. Nxd2 O-O 13. Bd3 Nd7 14.
Nf3 f6 15. exf6 Nxf6 16. Ng5 Bd7 17. Bxh7+ Nxh7 0-1

[Event "Tournoi Skype 008"]
[Site "Skype"]
[Date "????.??.??"]
[Round "7.29"]
[White "Ouellet, Emile"]
[Black "Rival, Jocelyn"]
[Result "1-0"]
[WhiteElo "1331"]
[BlackElo "1160"]
[PlyCount "29"]

1. e4 e5 2. Nf3 Nf6 3. Nc3 Nc6 4. Bc4 d5 5. exd5 Ne4 6. Nxe4 Nd4 7. Nxd4 exd4
8. O-O Qe7 9. Re1 Bf5 10. Ng5 Be6 11. dxe6 Qxg5 12. exf7+ Kd7 13. Be6+ Kd6 14.
Qf3 Qe7 15. Qd5# 1-0

[Event "Tournoi Skype 008"]
[Site "Skype"]
[Date "????.??.??"]
[Round "7.30"]
[White "Baker, Abi"]
[Black "Martin, Elise"]
[Result "0-1"]
[WhiteElo "1000"]
[BlackElo "1234"]
[PlyCount "64"]

1. c4 c5 2. g3 Nc6 3. Bg2 Na5 4. d3 e5 5. Nc3 d6 6. e4 Nf6 7. Be3 Be7 8. Nge2
O-O 9. O-O Be6 10. a3 Nb3 11. Qxb3 Qd7 12. f4 exf4 13. gxf4 Bg4 14. Qb5 Qc8 15.
e5 dxe5 16. fxe5 Nh5 17. Bxb7 Qe6 18. Bxa8 Bxe2 19. Nxe2 Qg4+ 20. Ng3 Nxg3 21.
hxg3 Rxa8 22. Kg2 Qe2+ 23. Bf2 Qxe5 24. d4 Qg5 25. dxc5 h6 26. Qb7 Rd8 27. Qxa7
Rd3 28. Qa8+ Kh7 29. c6 Bd6 30. c5 Bxg3 31. Rad1 Bc7+ 32. Kh1 Rh3# 0-1

[Event "Tournoi Skype 008"]
[Site "Skype"]
[Date "????.??.??"]
[Round "7.31"]
[White "Coude, Josue"]
[Black "Melin, Christiane"]
[Result "0-1"]
[WhiteElo "1242"]
[BlackElo "1190"]
[PlyCount "70"]

1. e4 Nf6 2. Nc3 e5 3. Bb5 c6 4. Bc4 Bc5 5. Nf3 O-O 6. Nxe5 Qe8 7. Nf3 d5 8.
Bd3 dxe4 9. Nxe4 Nxe4 10. Qe2 Bxf2+ 11. Kf1 Bf5 12. Nd4 Qe5 13. Nxf5 Qxf5 14.
Bxe4 Qf4 15. Bd3 Nd7 16. b3 Rae8 17. Qh5 Bd4+ 18. Qf3 Bxa1 19. Qxf4 Re5 20. Bf5
Nc5 21. Ba3 Rfe8 22. Bxc5 Re1+ 23. Kf2 Rxh1 24. h3 g6 25. Bd7 Ree1 26. Be8
Rhf1+ 27. Kg3 Rxf4 28. Kxf4 Rxe8 29. Bxa7 Be5+ 30. Ke4 Bb8+ 31. Kd4 Be5+ 32.
Kd3 Ra8 33. Bc5 Ra5 34. Bb4 Rd5+ 35. Kc4 b5# 0-1